Happiest Countries Quiz Stats

 Plays Quiz Updated Apr 10, 2019

Score 0/30 Timer 06:00
8 Plays Today
Ranking Country % Correct
7Sweden
94.3%
9Canada
92.4%
3Norway
92%
24France
90.7%
15United Kingdom
90%
2Denmark
88.3%
30Spain
88%
19United States
87.1%
1Finland
82.9%
5Netherlands
80.5%
17Germany
80.1%
4Iceland
79.8%
6Switzerland
79.7%
16Ireland
76.8%
11Australia
75.4%
Ranking Country % Correct
8New Zealand
70.5%
23Mexico
69.2%
18Belgium
68.6%
10Austria
68%
14Luxembourg
67%
20Czechia
59.1%
26Chile
55.7%
13Israel
45.9%
12Costa Rica
42%
21United Arab Emirates
35.7%
22Malta
35.2%
25Taiwan
30.8%
29Qatar
29.2%
28Saudi Arabia
28.8%
27Guatemala
22.6%

You're not logged in!

Compare scores with friends on all Sporcle quizzes.
OR
Log In

Sporcle TV

Today on Sporcle TV


Watch our educational content, quiz creation guides, and fun videos on Sporcle TV.

Show Comments

Extras

Top Quizzes Today


Score Distribution

Your Account Isn't Verified!

In order to create a playlist on Sporcle, you need to verify the email address you used during registration. Go to your Sporcle Settings to finish the process.

Report this User

Report this user for behavior that violates our Community Guidelines.

Details: